Unusual extratesticular ultrasound appearance of chronic hematoma A possible benign ultrasound sign observed in two centres : [case report] /
Extratesticular lesions in adults are usually benign. Imaging, particularly ultrasonography (US), is essential for the differential diagnosis. When US findings are inconclusive, magnetic resonance imaging (MRI) can provide additional clarity. We present two cases of extratesticular lesions with uniq...
Elmentve itt :
| Szerzők: | |
|---|---|
| Dokumentumtípus: | Cikk |
| Megjelent: |
2025
|
| Sorozat: | IMAGING
17 No. 2 |
| Tárgyszavak: | |
| doi: | 10.1556/1647.2025.00310 |
| mtmt: | 36307540 |
| Online Access: | http://publicatio.bibl.u-szeged.hu/39661 |
| LEADER | 02244nab a2200313 i 4500 | ||
|---|---|---|---|
| 001 | publ39661 | ||
| 005 | 20260318085343.0 | ||
| 008 | 260318s2025 hu o 000 eng d | ||
| 022 | |a 2732-0960 | ||
| 024 | 7 | |a 10.1556/1647.2025.00310 |2 doi | |
| 024 | 7 | |a 36307540 |2 mtmt | |
| 040 | |a SZTE Publicatio Repozitórium |b hun | ||
| 041 | |a eng | ||
| 100 | 1 | |a Ficzere Ágnes Georgina | |
| 245 | 1 | 0 | |a Unusual extratesticular ultrasound appearance of chronic hematoma |h [elektronikus dokumentum] : |b A possible benign ultrasound sign observed in two centres : [case report] / |c Ficzere Ágnes Georgina |
| 260 | |c 2025 | ||
| 300 | |a 141-145 | ||
| 490 | 0 | |a IMAGING |v 17 No. 2 | |
| 520 | 3 | |a Extratesticular lesions in adults are usually benign. Imaging, particularly ultrasonography (US), is essential for the differential diagnosis. When US findings are inconclusive, magnetic resonance imaging (MRI) can provide additional clarity. We present two cases of extratesticular lesions with unique imaging features. In the first case, a 22-year-old patient experienced a steadily enlarging right scrotal mass. In the second case, an 80-year-old patient presented with a right-sided hydrocele. In both cases, ultrasonography revealed extratesticular lesions with hyperechoic septa resembling a “snowy pine branch”. MRI of the younger patient showed low T2-weighted and high T1-weighted signal intensity without contrast enhancement or diffusion restriction. Histopathology confirmed chronic hematoceles, which can be diagnostically challenging due to nonspecific presentations. Although rare in adults, extratesticular malignancies require precise diagnosis. In both cases, the characteristic imaging features, such as the hyperechoic septations resembling a “snowy pine branch” on ultrasonography, were key in the diagnosis of hematoceles. | |
| 650 | 4 | |a Klinikai orvostan | |
| 700 | 0 | 1 | |a Szabó Anett |e aut |
| 700 | 0 | 1 | |a Kopa Zsolt |e aut |
| 700 | 0 | 1 | |a Kalmár Kamilla |e aut |
| 700 | 0 | 1 | |a Horváth Rebeka |e aut |
| 700 | 0 | 1 | |a Fejes Zsuzsanna |e aut |
| 700 | 0 | 1 | |a Zombori Tamás |e aut |
| 700 | 0 | 1 | |a Czétány Péter |e aut |
| 700 | 0 | 1 | |a Király István Előd |e aut |
| 856 | 4 | 0 | |u http://publicatio.bibl.u-szeged.hu/39661/1/363075401647-article-p141.pdf |z Dokumentum-elérés |